Maďarsko: stále zamračené Belasejšia obloha národného hospodárstva sa ukáže až v roku 1997

Odhad hospodárskeho vývoja v Maďarsku podľa štúdie, ktorú vypracoval Ústav svetového hospodárstva Maďarskej akadémie vied. Kríza maďarského hospodárstva a súvislosť so svetovou recesiou. Šance na oživenie hospodárstva. Zahraničné investície v Maďarsku v roku 1993.

Uložené v:
Podrobná bibliografia
Hlavný autor: Sotník, Alexander
Médium: Kapitola
Jazyk:Slovak
Predmet:
Tagy: Pridať tag
Žiadne tagy, Buďte prvý, kto otaguje tento záznam!

MARC

LEADER 00000naa a2200000 4500
001 r014882
005 20221205090931.8
041 0 |a slo 
044 |a SK 
245 1 0 |a Maďarsko: stále zamračené  |b Belasejšia obloha národného hospodárstva sa ukáže až v roku 1997  |c Alexander Sotník 
520 |a Odhad hospodárskeho vývoja v Maďarsku podľa štúdie, ktorú vypracoval Ústav svetového hospodárstva Maďarskej akadémie vied. Kríza maďarského hospodárstva a súvislosť so svetovou recesiou. Šance na oživenie hospodárstva. Zahraničné investície v Maďarsku v roku 1993. 
610 2 0 |a Maďarsko 
610 2 0 |a situácia hospodárska 
610 2 0 |a recesia 
610 2 0 |a vývoj hospodársky 
610 2 0 |a investície zahraničné 
610 2 0 |a 1993 
610 2 0 |a predvídanie 
100 1 |a Sotník, Alexander